[Event "Bratto op-A 28th"]
[Site "Bratto"]
[Date "2008.08.30"]
[Round "9"]
[White "Bertagia, Roldano"]
[Black "Griffa, Roberto"]
[Result "0-1"]
[WhiteElo "2019"]
[BlackElo "2084"]
[PlyCount "46"]
[EventDate "2008.08.22"]
[EventType "swiss"]
[EventRounds "9"]
[EventCountry "ITA"]
[SourceTitle "EXT 2010"]
[Source "ChessBase"]
[SourceDate "2010.11.25"]
[SourceVersion "1"]
[SourceVersionDate "2010.11.25"]
[SourceQuality "1"]

1. e4 d5 2. exd5 Qxd5 3. Nc3 Qd6 4. d4 Nf6 5. Be3 Bf5 6. Bd3 Bxd3 7. Qxd3 Nc6 8. Nf3 e6 9. 0-0-0 0-0-0 10. Rhe1 Nd5 11. Ne4 Qb4 12. Neg5 Rd7 13. Nxh7 Bd6 14. Nhg5 Nf4 15. Qf1 Qa4 16. a3 Nb4 17. Qc4 b5 18. Qxb4 Bxb4 19. axb4 Nxg2 20. Rg1 Nxe3 21. fxe3 Qxb4 22. Ne5 Rxh2 23. Nxd7 Qa4 0-1

[Event "Bratto op-A 28th"]
[Site "Bratto"]
[Date "2008.08.28"]
[Round "7"]
[White "Carrara, Diego"]
[Black "Griffa, Roberto"]
[Result "1/2-1/2"]
[WhiteElo "2043"]
[BlackElo "2084"]
[PlyCount "29"]
[EventDate "2008.08.22"]
[EventType "swiss"]
[EventRounds "9"]
[EventCountry "ITA"]
[SourceTitle "CBM 126 Extra"]
[Source "ChessBase"]
[SourceDate "2008.11.05"]
[SourceVersion "1"]
[SourceVersionDate "2008.11.05"]
[SourceQuality "1"]

1. e4 d5 2. Nc3 dxe4 3. Nxe4 Bf5 4. Ng3 Bg6 5. d4 Nf6 6. Nf3 e6 7. c3 Nbd7 8. Bd3 c5 9. Bxg6 hxg6 10. 0-0 Qc7 11. Be3 Be7 12. Re1 0-0 13. dxc5 Nxc5 14. Bd4 a5 15. Qe2 1/2-1/2

[Event "Bratto op-A 27th"]
[Site "Bratto"]
[Date "2007.08.28"]
[Round "6"]
[White "Griffa, Roberto"]
[Black "Di Lascio, Savino"]
[Result "1-0"]
[WhiteElo "2121"]
[BlackElo "2014"]
[PlyCount "62"]
[EventDate "2007.08.23"]
[EventType "swiss"]
[EventRounds "9"]
[EventCountry "ITA"]
[SourceTitle "CBM 120 Extra"]
[Source "ChessBase"]
[SourceDate "2007.11.01"]
[SourceVersion "1"]
[SourceVersionDate "2007.11.01"]
[SourceQuality "1"]

1. d4 Nf6 2. Nf3 e6 3. Bg5 d5 4. Nbd2 Be7 5. e3 Nbd7 6. Bd3 b6 7. 0-0 Bb7 8. c3 Ne4 9. Bxe7 Qxe7 10. Ne5 Nxd2 11. Qxd2 Nxe5 12. dxe5 Rd8 13. Qc2 a6 14. Bxa6 Bxa6 15. Qa4+ c6 16. Qxa6 Qc7 17. a4 0-0 18. f4 Ra8 19. Qd3 c5 20. b3 Rfd8 21. Rfd1 Qc6 22. Qb5 Qc7 23. b4 Rdb8 24. e4 cxb4 25. cxb4 Qc3 26. exd5 Qe3+ 27. Kh1 Rc8 28. dxe6 fxe6 29. Qd7 Rc2 30. Qxe6+ Kh8 31. Qd5 Rac8 1-0

[Event "Bratto op-A 27th"]
[Site "Bratto"]
[Date "2007.08.24"]
[Round "2"]
[White "Griffa, Roberto"]
[Black "Jablon, Stephen Eric"]
[Result "1-0"]
[WhiteElo "2121"]
[BlackElo "2024"]
[PlyCount "81"]
[EventDate "2007.08.23"]
[EventType "swiss"]
[EventRounds "9"]
[EventCountry "ITA"]
[SourceTitle "CBM 120 Extra"]
[Source "ChessBase"]
[SourceDate "2007.11.01"]
[SourceVersion "1"]
[SourceVersionDate "2007.11.01"]
[SourceQuality "1"]

1. d4 Nc6 2. Nf3 d5 3. Bf4 Nf6 4. e3 Bg4 5. Nbd2 e6 6. h3 Bh5 7. Be2 Bd6 8. Ne5 Bxe2 9. Qxe2 Bxe5 10. dxe5 Nd7 11. Qg4 Ncxe5 12. Qxg7 Ng6 13. 0-0-0 c6 14. h4 Qf6 15. Qxf6 Nxf6 16. Bg5 Ng4 17. h5 Nxf2 18. hxg6 fxg6 19. Bf6 0-0 20. Bh4 Nxh1 21. Rxh1 Rf7 22. Nf3 Raf8 23. Be1 Rf5 24. Bc3 a6 25. a4 Re8 26. Kd2 e5 27. Ke2 e4 28. Nd4 Rf7 29. a5 Ref8 30. Be1 Re8 31. Nb3 Re5 32. Nc5 Rg5 33. g3 Re7 34. Rf1 Rh5 35. Rf2 Rh3 36. Rg2 Kf7 37. Bb4 Rc7 38. Rf2+ Ke8 39. Ne6 Rf7 40. Rxf7 Kxf7 41. Ng5+ 1-0

[Event "Genova op 8th"]
[Site "Genova"]
[Date "2004.08.16"]
[Round "8"]
[White "Mateo, Ramon"]
[Black "Griffa, Roberto"]
[Result "1-0"]
[WhiteElo "2425"]
[BlackElo "2107"]
[PlyCount "45"]
[EventDate "2004.08.09"]
[EventType "swiss"]
[EventRounds "9"]
[EventCountry "ITA"]
[SourceTitle "CBM 101 Extra"]
[Source "ChessBase"]
[SourceDate "2004.09.01"]
[SourceVersion "2"]
[SourceVersionDate "2004.09.01"]
[SourceQuality "1"]

1. e4 d5 2. Nc3 dxe4 3. Nxe4 Bf5 4. Qf3 Qd5 5. Bd3 Nc6 6. Nd6+ Qxd6 7. Bxf5 Nf6 8. c3 g6 9. Bc2 0-0-0 10. Ne2 Bg7 11. 0-0 Kb8 12. d4 e5 13. Rd1 exd4 14. Nxd4 Ne5 15. Qe2 Neg4 16. Nf3 Qc5 17. Rxd8+ Rxd8 18. h3 Re8 19. Qf1 Ne5 20. Nxe5 Qxe5 21. Be3 Bf8 22. Re1 Qa5 23. Bd4 1-0

[Event "Bratto op 22nd"]
[Site "Bratto"]
[Date "2002.08.28"]
[Round "9"]
[White "Griffa, Roberto"]
[Black "Cacco, Christian"]
[Result "0-1"]
[WhiteElo "2080"]
[BlackElo "2248"]
[PlyCount "76"]
[EventDate "2002.08.20"]
[EventType "swiss"]
[EventRounds "9"]
[EventCountry "ITA"]
[SourceTitle "EXT 2003"]
[Source "ChessBase"]
[SourceDate "2002.11.25"]
[SourceVersion "1"]
[SourceVersionDate "2002.11.25"]
[SourceQuality "1"]

1. d4 c5 2. d5 e5 3. c4 d6 4. Nc3 Be7 5. e4 Nf6 6. Nf3 0-0 7. Be2 h6 8. Qc2 Nh7 9. g4 Bxg4 10. Rg1 Bxf3 11. Bxf3 Bg5 12. Bxg5 Nxg5 13. Bg4 Qf6 14. 0-0-0 a6 15. Kb1 Rd8 16. Rg3 Nd7 17. Rdg1 Nf8 18. Bh5 g6 19. Bd1 Ngh7 20. Qd2 Qf4 21. Qxf4 exf4 22. Rg4 g5 23. h4 Ng6 24. hxg5 hxg5 25. Bc2 Re8 26. e5 Rxe5 27. Bxg6 fxg6 28. f3 Rae8 29. Ne4 Rxe4 30. fxe4 Rxe4 31. b3 Kg7 32. R1g2 Kf6 33. Kc2 Kf5 34. Rg1 Re2+ 35. Kd3 Rxa2 36. R4g2 Rxg2 37. Rxg2 g4 38. Re2 g3 0-1

[Event "Bratto op 22nd"]
[Site "Bratto"]
[Date "2002.08.25"]
[Round "6"]
[White "Bresciani, Nicola"]
[Black "Griffa, Roberto"]
[Result "1-0"]
[WhiteElo "2270"]
[BlackElo "2080"]
[PlyCount "147"]
[EventDate "2002.08.20"]
[EventType "swiss"]
[EventRounds "9"]
[EventCountry "ITA"]
[SourceTitle "EXT 2003"]
[Source "ChessBase"]
[SourceDate "2002.11.25"]
[SourceVersion "1"]
[SourceVersionDate "2002.11.25"]
[SourceQuality "1"]

1. e4 c6 2. d4 d5 3. Nd2 dxe4 4. Nxe4 h6 5. Nf3 Bf5 6. Ng3 Bh7 7. Bd3 Bxd3 8. Qxd3 e6 9. 0-0 Nf6 10. Re1 Be7 11. Bd2 0-0 12. Qe2 c5 13. dxc5 Bxc5 14. c4 Nc6 15. Bc3 Qe7 16. a3 a5 17. Qc2 Qc7 18. Bxf6 gxf6 19. Re4 f5 20. Rh4 Rfd8 21. Rxh6 Nd4 22. Nxd4 Rxd4 23. Ne2 Rxc4 24. Qd2 Qe5 25. Rh3 f4 26. Rd3 Rc8 27. Kf1 Bb6 28. Nc3 Rd4 29. Re1 Rxd3 30. Qxd3 Qd4 31. Qe2 Kf8 32. Rd1 Qc4 33. Qxc4 Rxc4 34. Rd7 Bd4 35. Nb5 Bxb2 36. Rxb7 Ra4 37. Nd6 Bxa3 38. Nxf7 Rb4 39. Ra7 Ra4 40. Ng5 e5 41. Ne6+ Kg8 42. h4 f3 43. gxf3 Rxh4 44. Rxa5 Bb2 45. Rb5 Ba1 46. Ng5 Ra4 47. Kg2 Kg7 48. Kg3 Kf6 49. Ne4+ Kf5 50. Rb6 Rxe4 51. fxe4+ Kxe4 52. Rb1 Bd4 53. Rd1 Kf5 54. f3 Be3 55. Re1 Bf4+ 56. Kh3 Bg5 57. Re4 Bd8 58. Kg3 Bg5 59. Kf2 Bd8 60. Ke2 Ke6 61. Kd3 Kf5 62. Kc4 Ke6 63. Rg4 Bf6 64. Rg8 Be7 65. Re8 Kd7 66. Rh8 Ke6 67. Rh5 Ba3 68. Kd3 Bb2 69. Ke4 Kf6 70. Rf5+ Ke6 71. Rf8 Ke7 72. Ra8 Kf6 73. Ra6+ Ke7 74. Kf5 1-0

[Event "Bratto op 22nd"]
[Site "Bratto"]
[Date "2002.08.22"]
[Round "3"]
[White "Griffa, Roberto"]
[Black "Bertazzo, Giorgio"]
[Result "1-0"]
[WhiteElo "2080"]
[BlackElo "2158"]
[PlyCount "39"]
[EventDate "2002.08.20"]
[EventType "swiss"]
[EventRounds "9"]
[EventCountry "ITA"]
[SourceTitle "EXT 2003"]
[Source "ChessBase"]
[SourceDate "2002.11.25"]
[SourceVersion "1"]
[SourceVersionDate "2002.11.25"]
[SourceQuality "1"]

1. d4 d5 2. c4 dxc4 3. Nf3 Nf6 4. e3 e6 5. Bxc4 a6 6. 0-0 c5 7. a4 Nc6 8. Nc3 Be7 9. Qe2 cxd4 10. Rd1 0-0 11. exd4 Nb4 12. Bg5 Bd7 13. d5 exd5 14. Nxd5 Nfxd5 15. Bxe7 Nxe7 16. Ne5 Ned5 17. Bxd5 Qc7 18. Bxf7+ Rxf7 19. Nxf7 Kxf7 20. Qf3+ 1-0

[Event "Bratto op 22nd"]
[Site "Bratto"]
[Date "2002.08.20"]
[Round "1"]
[White "Griffa, Roberto"]
[Black "Zichichi, Alvise"]
[Result "1/2-1/2"]
[WhiteElo "2080"]
[BlackElo "2312"]
[PlyCount "93"]
[EventDate "2002.08.20"]
[EventType "swiss"]
[EventRounds "9"]
[EventCountry "ITA"]
[SourceTitle "EXT 2003"]
[Source "ChessBase"]
[SourceDate "2002.11.25"]
[SourceVersion "1"]
[SourceVersionDate "2002.11.25"]
[SourceQuality "1"]

1. d4 d5 2. c4 c6 3. cxd5 cxd5 4. Nf3 Nc6 5. Nc3 Nf6 6. Bf4 a6 7. Ne5 e6 8. e3 Bd6 9. Nd3 Be7 10. Be2 0-0 11. 0-0 Nd7 12. Rc1 g5 13. Bg3 f5 14. f3 Rf7 15. Ne5 Ndxe5 16. Bxe5 Bd7 17. Kh1 Nxe5 18. dxe5 Bc6 19. Qd4 Qa5 20. Qd2 Re8 21. a3 f4 22. Rfd1 Qb6 23. exf4 gxf4 24. b4 Qf2 25. Qd4 Qxd4 26. Rxd4 Rf5 27. Bd3 Rxe5 28. Rxf4 Rf8 29. Rg4+ Kh8 30. f4 Re3 31. Rg3 Rxg3 32. hxg3 Bf6 33. Ne2 Bb2 34. Rb1 Bf6 35. Rc1 Kg7 36. Bxa6 Ra8 37. Bxb7 Bxb7 38. Rc7+ Kg6 39. Rxb7 Rxa3 40. Kh2 Rb3 41. g4 Bb2 42. f5+ exf5 43. Nf4+ Kg5 44. Nxd5 fxg4 45. Rxh7 Be5+ 46. Kg1 Rd3 47. Rd7 1/2-1/2

[Event "Bratto op 21st"]
[Site "Bratto"]
[Date "2001.08.30"]
[Round "9"]
[White "Osuna Munoz, Xavier"]
[Black "Griffa, Roberto"]
[Result "1/2-1/2"]
[WhiteElo "2109"]
[BlackElo "2082"]
[PlyCount "49"]
[EventDate "2001.08.22"]
[EventType "swiss"]
[EventRounds "9"]
[EventCountry "ITA"]
[SourceTitle "EXT 2002"]
[Source "ChessBase"]
[SourceDate "2001.11.25"]
[SourceVersion "1"]
[SourceVersionDate "2001.11.25"]
[SourceQuality "1"]

1. e4 c6 2. d4 d5 3. exd5 cxd5 4. Bd3 Nc6 5. c3 Nf6 6. Bf4 Bg4 7. Qb3 Qd7 8. Nd2 e6 9. Ngf3 Bxf3 10. Nxf3 Bd6 11. Bxd6 Qxd6 12. 0-0 0-0 13. Rfe1 Rab8 14. a4 Rfc8 15. Re2 Na5 16. Qc2 Qc7 17. Ne5 a6 18. g4 g6 19. Qd2 Nc4 20. Qg5 Nxe5 21. Rxe5 Nd7 22. Re3 Qd8 23. Qh6 Qf6 24. f4 Re8 25. Rg3 1/2-1/2

[Event "Bratto op 21st"]
[Site "Bratto"]
[Date "2001.08.25"]
[Round "4"]
[White "Griffa, Roberto"]
[Black "Cugini, Verter"]
[Result "0-1"]
[WhiteElo "2082"]
[BlackElo "2207"]
[PlyCount "100"]
[EventDate "2001.08.22"]
[EventType "swiss"]
[EventRounds "9"]
[EventCountry "ITA"]
[SourceTitle "EXT 2002"]
[Source "ChessBase"]
[SourceDate "2001.11.25"]
[SourceVersion "1"]
[SourceVersionDate "2001.11.25"]
[SourceQuality "1"]

1. c4 e5 2. g3 c5 3. Nc3 g6 4. Bg2 Bg7 5. a3 Nc6 6. Rb1 Nge7 7. b4 d6 8. e3 0-0 9. Nge2 Bf5 10. d3 Qd7 11. h3 Rab8 12. b5 Nd8 13. e4 Be6 14. Nd5 Bxd5 15. exd5 f5 16. 0-0 Nf7 17. f4 h5 18. h4 Kh7 19. Be3 Ng8 20. Qd2 b6 21. a4 Nf6 22. Qc2 Rbe8 23. Nc3 Ng4 24. Bd2 exf4 25. Bxf4 Bd4+ 26. Kh1 Be3 27. Bh3 Bxf4 28. Rxf4 Re3 29. Bxg4 hxg4 30. Kg2 Rfe8 31. Qd2 R3e7 32. Rf2 Ne5 33. Rbf1 Nf3 34. Rxf3 gxf3+ 35. Rxf3 Re5 36. Rf2 Qe7 37. Kf1 Re1+ 38. Kg2 Qe3 39. Qxe3 R8xe3 40. Rd2 Ra1 41. Kf2 Re8 42. Re2 Rxe2+ 43. Kxe2 Kg7 44. Ke3 Kf6 45. d4 Rg1 46. Ne2 cxd4+ 47. Kxd4 Rd1+ 48. Ke3 Ra1 49. Nc3 Ke5 50. Kd3 Ra3 0-1

[Event "Milan op"]
[Site "Milan"]
[Date "2000.??.??"]
[Round "2"]
[White "Agrifoglio, Fabio"]
[Black "Griffa, Roberto"]
[Result "0-1"]
[WhiteElo "2016"]
[BlackElo "2062"]
[PlyCount "112"]
[EventDate "2000.??.??"]
[EventType "swiss"]
[EventRounds "6"]
[EventCountry "ITA"]
[SourceTitle "EXT 2001"]
[Source "ChessBase"]
[SourceDate "2000.11.22"]
[SourceVersion "1"]
[SourceVersionDate "2000.11.22"]
[SourceQuality "1"]

1. d4 Nf6 2. c4 c5 3. d5 Ne4 4. Qc2 Qa5+ 5. Nd2 Nd6 6. e4 g6 7. Bd3 Bg7 8. Ne2 Na6 9. a3 b5 10. 0-0 Nb4 11. Qb1 Nxd3 12. Qxd3 Ba6 13. Nb3 bxc4 14. Nxa5 cxd3 15. Nc3 d2 16. Bxd2 Bxf1 17. Rxf1 0-0 18. Re1 Rab8 19. e5 Nf5 20. Nc4 Nd4 21. Bf4 e6 22. h3 Rb3 23. Bc1 f6 24. dxe6 Nxe6 25. Rd1 Nd4 26. Nd2 Rbb8 27. Nde4 fxe5 28. Nxc5 Rf7 29. N5e4 Rff8 30. Nc5 Rfc8 31. Na6 Rb6 32. Nb4 Bf8 33. Nbd5 Rd6 34. Kf1 Rc5 35. Nb4 Nb3 36. Rxd6 Bxd6 37. Be3 Ra5 38. Nbd5 Kf7 39. Bh6 Nd4 40. Bc1 Ke6 41. Ne3 Rc5 42. Ned1 Nb5 43. Ne2 Rc8 44. b4 Rxc1 45. Nxc1 Nxa3 46. Nd3 e4 47. Nc1 Bxb4 48. Ke2 d5 49. Nb3 Ke5 50. Ne3 h5 51. f4+ exf3+ 52. gxf3 a5 53. Kd3 Nb5 54. f4+ Kxf4 55. Nxd5+ Kg3 56. Kc4 Nd6+ 0-1

[Event "Corsico op"]
[Site "Corsico"]
[Date "2000.??.??"]
[Round "6"]
[White "Bernago, Federico"]
[Black "Griffa, Roberto"]
[Result "0-1"]
[WhiteElo "2103"]
[BlackElo "2062"]
[PlyCount "110"]
[EventDate "2000.??.??"]
[EventType "swiss"]
[EventRounds "6"]
[EventCountry "ITA"]
[SourceTitle "EXT 2001"]
[Source "ChessBase"]
[SourceDate "2000.11.22"]
[SourceVersion "1"]
[SourceVersionDate "2000.11.22"]
[SourceQuality "1"]

1. e4 e6 2. d3 d5 3. Nd2 c5 4. Ngf3 Nc6 5. g3 Bd6 6. Bg2 Nge7 7. c3 Qc7 8. 0-0 0-0 9. Nh4 Ne5 10. d4 cxd4 11. cxd4 N5g6 12. Nxg6 hxg6 13. e5 Bb4 14. Nb3 Nc6 15. Be3 b6 16. Qe2 a5 17. Rfc1 Ba6 18. Qg4 Qd7 19. a3 Be7 20. h4 Rac8 21. Bh3 a4 22. Nd2 Bd3 23. Bg2 Na5 24. h5 Qb5 25. hxg6 Bxg6 26. Bf3 Qxb2 27. Re1 Nc4 28. Nxc4 Rxc4 29. Kg2 Rfc8 30. Rh1 Qc2 31. Qh3 Bh7 32. Rac1 Qf5 33. Bg4 Qe4+ 34. Bf3 Qf5 35. Bg4 Qd3 36. Rxc4 Rxc4 37. Bf3 Bxa3 38. g4 Be7 39. g5 b5 40. Bh5 Qe4+ 41. Bf3 Qd3 42. Bh5 Qe4+ 43. Bf3 Qc2 44. Bh5 Be4+ 45. Kg3 Bxh1 46. g6 fxg6 47. Bg4 Rc6 48. Bxe6+ Rxe6 49. Qxe6+ Kf8 50. Qh3 Qe4 51. Qh8+ Kf7 52. e6+ Qxe6 53. Qxh1 Bd6+ 54. Bf4 Bxf4+ 55. Kxf4 Qe4+ 0-1

[Event "Corsico op"]
[Site "Corsico"]
[Date "2000.??.??"]
[Round "4"]
[White "Rovatti, Paolo Guglielmo"]
[Black "Griffa, Roberto"]
[Result "0-1"]
[WhiteElo "2041"]
[BlackElo "2062"]
[PlyCount "100"]
[EventDate "2000.??.??"]
[EventType "swiss"]
[EventRounds "6"]
[EventCountry "ITA"]
[SourceTitle "EXT 2001"]
[Source "ChessBase"]
[SourceDate "2000.11.22"]
[SourceVersion "1"]
[SourceVersionDate "2000.11.22"]
[SourceQuality "1"]

1. d4 e6 2. Nf3 Nf6 3. c4 Bb4+ 4. Bd2 Qe7 5. a3 Bxd2+ 6. Nbxd2 d5 7. e3 0-0 8. Bd3 Nbd7 9. cxd5 exd5 10. b4 Ng4 11. 0-0 f5 12. Qb3 Ndf6 13. Rfc1 Nxf2 14. Kxf2 Ng4+ 15. Ke2 Qxe3+ 16. Kd1 Bd7 17. Qxd5+ Be6 18. Qxb7 Nf2+ 19. Kc2 Qxd3+ 20. Kb2 Rac8 21. Rc3 Qe2 22. Kc2 Ne4 23. Re1 Qxg2 24. Rce3 Nxd2 25. R1e2 Qh1 26. Rxd2 Qa1 27. Ne5 f4 28. Rf3 Qa2+ 29. Kd1 Qb1+ 30. Ke2 Qg1 31. Kd3 Bf5+ 32. Ke2 Qxh2+ 33. Rf2 Qh5+ 34. Ke1 Qe8 35. Rg2 Bd7 36. Kd1 f3 37. Nxf3 Bc6 38. Qa6 Bxf3+ 39. Rge2 Bxe2+ 40. Rxe2 Rf1+ 41. Kd2 Qf8 42. Qe6+ Kh8 43. Kc3 h6 44. d5 a5 45. Kc4 axb4 46. axb4 Rf4+ 47. Re4 Rxe4+ 48. Qxe4 Re8 49. Qg6 Qf4+ 50. Kc5 Qe3+ 0-1

[Event "Bratto op 19th"]
[Site "Bratto"]
[Date "1999.??.??"]
[Round "3"]
[White "Griffa, Roberto"]
[Black "Mauro, Alan"]
[Result "0-1"]
[WhiteElo "2083"]
[BlackElo "2263"]
[PlyCount "70"]
[EventDate "1999.??.??"]
[EventType "swiss"]
[EventRounds "9"]
[EventCountry "ITA"]
[SourceTitle "EXT 2000"]
[Source "ChessBase"]
[SourceDate "1999.11.16"]
[SourceVersion "1"]
[SourceVersionDate "1999.11.16"]
[SourceQuality "1"]

1. d4 Nf6 2. c4 a6 3. Nc3 c5 4. d5 b5 5. cxb5 axb5 6. e4 b4 7. Nb5 d6 8. Bf4 Nxe4 9. Qe2 g5 10. Be5 dxe5 11. Qxe4 Bg7 12. d6 Ra5 13. Nc7+ Kf8 14. dxe7+ Qxe7 15. Nd5 Bb7 16. Bc4 Nd7 17. Qc2 Bxd5 18. Bxd5 Nb6 19. Be4 Qe6 20. Nf3 Bf6 21. 0-0 Kg7 22. Nd2 c4 23. Bf5 Qc6 24. Rfc1 Rd8 25. g3 e4 26. Bxe4 Rxd2 27. Bxc6 Rxc2 28. Rxc2 b3 29. Re2 Rxa2 30. Rb1 c3 31. Be4 Nc4 32. Rc1 Nd2 33. bxc3 b2 34. Rd1 Nxe4 35. Rxe4 Bxc3 0-1

[Event "Milan Crespi op"]
[Site "Milan"]
[Date "1998.??.??"]
[Round "?"]
[White "Cazzaniga, Walter"]
[Black "Griffa, Roberto"]
[Result "1-0"]
[WhiteElo "2175"]
[BlackElo "2075"]
[PlyCount "37"]
[EventDate "1998.12.??"]
[EventType "swiss"]
[EventRounds "7"]
[EventCountry "ITA"]
[SourceTitle "EXT 2002"]
[Source "ChessBase"]
[SourceDate "2001.11.25"]
[SourceVersion "1"]
[SourceVersionDate "2001.11.25"]
[SourceQuality "1"]

1. d4 Nc6 2. Nf3 d5 3. c4 Bg4 4. Nc3 e6 5. e3 Nf6 6. Be2 Be7 7. 0-0 0-0 8. b3 a6 9. h3 Bf5 10. Bb2 Ne4 11. Nxe4 Bxe4 12. Rc1 Rc8 13. Nd2 Bg6 14. a3 Nb8 15. f4 c6 16. b4 Nd7 17. Qb3 b5 18. cxd5 exd5 19. f5 1-0

[Event "Robecchetto"]
[Site "Robecchetto"]
[Date "1998.??.??"]
[Round "?"]
[White "Griffa, Roberto"]
[Black "Barlocco, Carlo"]
[Result "1-0"]
[WhiteElo "2075"]
[BlackElo "2180"]
[PlyCount "129"]
[EventDate "1998.??.??"]
[EventType "tourn"]
[EventRounds "7"]
[EventCountry "ITA"]
[SourceTitle "EXT 2000"]
[Source "ChessBase"]
[SourceDate "1999.11.16"]
[SourceVersion "1"]
[SourceVersionDate "1999.11.16"]
[SourceQuality "1"]

1. d4 Nf6 2. Nf3 e6 3. Bg5 c5 4. e3 Nc6 5. Nbd2 h6 6. Bh4 g5 7. Bg3 g4 8. Ne5 cxd4 9. exd4 Nxd4 10. Ndc4 Nf5 11. Nxg4 Nxg3 12. hxg3 Rg8 13. Nxh6 Rg6 14. Nxf7 Kxf7 15. Ne5+ Kg7 16. Nxg6 Qa5+ 17. c3 Kxg6 18. Bd3+ Kf7 19. Qf3 Qe5+ 20. Kf1 Qd5 21. Qe2 b6 22. Rd1 Bb7 23. Bg6+ Kxg6 24. Rxd5 Bxd5 25. c4 Rc8 26. Rh4 Bb7 27. Qd3+ Kf7 28. Rf4 d5 29. Qh7+ Bg7 30. Qh5+ Ke7 31. Qg5 Kf7 32. Qh5+ Kg8 33. Qg6 Rf8 34. b3 dxc4 35. bxc4 Ba6 36. Ke1 e5 37. Rh4 e4 38. g4 Bxc4 39. g5 Bf7 40. Qf5 Nh5 41. Rh3 Bxa2 42. Qxe4 Bf7 43. g6 Re8 44. gxf7+ Kxf7 45. Qxe8+ Kxe8 46. Rxh5 a5 47. Kd2 Bd4 48. f3 Bc5 49. Kc3 Kd7 50. g4 Ke6 51. f4 Kf6 52. Rh6+ Kg7 53. Rc6 Be3 54. f5 b5 55. g5 Bf4 56. Rb6 a4 57. Rb7+ Kf8 58. g6 a3 59. Kb3 Bd6 60. Rf7+ Kg8 61. Rd7 Be5 62. Kxa3 Bc3 63. Kb3 b4 64. Rc7 Be5 65. Rb7 1-0

[Event "Bratto op 18th"]
[Site "Bratto"]
[Date "1998.??.??"]
[Round "?"]
[White "Griffa, Roberto"]
[Black "Mauro, Alan"]
[Result "1/2-1/2"]
[WhiteElo "2075"]
[BlackElo "2260"]
[PlyCount "65"]
[EventDate "1998.??.??"]
[EventType "swiss"]
[EventRounds "9"]
[EventCountry "ITA"]
[SourceTitle "EXT 2000"]
[Source "ChessBase"]
[SourceDate "1999.11.16"]
[SourceVersion "1"]
[SourceVersionDate "1999.11.16"]
[SourceQuality "1"]

1. d4 Nf6 2. Nf3 g6 3. Bg5 Bg7 4. Nbd2 0-0 5. c3 d6 6. e4 c5 7. dxc5 dxc5 8. Qc2 Nc6 9. h3 Qc7 10. Bc4 b6 11. 0-0 Nh5 12. Rfe1 h6 13. Be3 Kh7 14. Rad1 Nf4 15. Bf1 e5 16. b4 cxb4 17. cxb4 Qb7 18. a3 Be6 19. Nc4 Bxc4 20. Qxc4 Ne6 21. Qa6 Qxa6 22. Bxa6 Ncd4 23. Bxd4 exd4 24. e5 Rfe8 25. g3 Rad8 26. Bc4 Re7 27. Bxe6 Rxe6 28. Rxd4 Rxd4 29. Nxd4 Rxe5 30. Rxe5 Bxe5 31. Nc6 Bb2 32. Nxa7 Bxa3 33. Nc8 1/2-1/2

[Event "Bernate op"]
[Site "Bernate"]
[Date "1998.??.??"]
[Round "3"]
[White "Griffa, Roberto"]
[Black "Pagnoncelli, Marco"]
[Result "1-0"]
[WhiteElo "2075"]
[BlackElo "2125"]
[PlyCount "107"]
[EventDate "1998.??.??"]
[EventType "swiss"]
[EventRounds "7"]
[EventCountry "ITA"]
[SourceTitle "EXT 2000"]
[Source "ChessBase"]
[SourceDate "1999.11.16"]
[SourceVersion "1"]
[SourceVersionDate "1999.11.16"]
[SourceQuality "1"]

1. d4 Nf6 2. Nf3 g6 3. Bg5 Bg7 4. Nbd2 d6 5. c3 Nbd7 6. e4 0-0 7. Bc4 e5 8. dxe5 dxe5 9. 0-0 h6 10. Bh4 g5 11. Bg3 Nh5 12. Re1 Nf4 13. Qc2 Qe7 14. Bf1 Rd8 15. Nc4 Nf8 16. Ne3 N8g6 17. Nd2 Be6 18. Nf5 Qd7 19. Nb3 Bxf5 20. exf5 Ne7 21. Bxf4 gxf4 22. Rad1 Qxf5 23. Bd3 Qg5 24. Nd2 Kh8 25. Nf3 Qh5 26. Qe2 Nc6 27. Qe4 Rxd3 28. Qxd3 f5 29. Qb5 Rg8 30. Qxb7 e4 31. Qxc6 exf3 32. Rd3 fxg2 33. Qxc7 f3 34. Qf4 Bf6 35. Qxf3 Qg6 36. Rd5 Bh4 37. Qxf5 Qg7 38. Re2 Rf8 39. Qe5 Bf6 40. Qg3 Qf7 41. Rd1 Qc4 42. Red2 Rg8 43. Qh3 Bg5 44. Qd3 Qf7 45. Qd4+ Bf6 46. Qe4 Re8 47. Qc2 Rf8 48. Rd7 Be7 49. Rxa7 Qe6 50. Ra5 Bd6 51. Rxd6 Qxd6 52. Rf5 Rxf5 53. Qxf5 Qd1+ 54. Kxg2 1-0

[Event "Corsico op1"]
[Site "Corsico"]
[Date "1998.??.??"]
[Round "3"]
[White "Griffa, Roberto"]
[Black "Podini, Francesco"]
[Result "1/2-1/2"]
[WhiteElo "2075"]
[BlackElo "2060"]
[PlyCount "91"]
[EventDate "1998.??.??"]
[EventType "swiss"]
[EventRounds "6"]
[EventCountry "ITA"]
[SourceTitle "EXT 2002"]
[Source "ChessBase"]
[SourceDate "2001.11.25"]
[SourceVersion "1"]
[SourceVersionDate "2001.11.25"]
[SourceQuality "1"]

1. d4 Nf6 2. Nf3 g6 3. Bf4 Bg7 4. e3 d6 5. h3 0-0 6. Be2 Nbd7 7. 0-0 a6 8. Bh2 c5 9. a4 b6 10. c3 Bb7 11. Nbd2 Bc6 12. Nc4 Qc7 13. b4 cxb4 14. cxb4 Bd5 15. Rc1 Qb7 16. Ncd2 b5 17. axb5 axb5 18. Nb3 Rfc8 19. Na5 Rxc1 20. Qxc1 Qa6 21. Qb2 Nb6 22. Rc1 Nc4 23. Nxc4 bxc4 24. Nd2 Qa2 25. Qc2 Qxc2 26. Rxc2 c3 27. Nf1 Ra3 28. Bf4 h6 29. h4 Nd7 30. f3 f5 31. Bg3 e5 32. Bf2 Nb6 33. Rc1 Na4 34. Ng3 exd4 35. exd4 Rb3 36. b5 Rb4 37. h5 f4 38. Ne4 Bxe4 39. fxe4 Bxd4 40. Bd1 Bxf2+ 41. Kxf2 Nc5 42. Kf3 Nxe4 43. hxg6 d5 44. Kxf4 Rxb5 45. Bf3 Rb4 46. Ke5 1/2-1/2